MARC details
| 000 -LEADER |
| fixed length control field |
02197cam a22005175a 4500 |
| 003 - CONTROL NUMBER IDENTIFIER |
| control field |
EG-ScBUE |
| 005 - DATE AND TIME OF LATEST TRANSACTION |
| control field |
20220629113322.0 |
| 006 - FIXED-LENGTH DATA ELEMENTS--ADDITIONAL MATERIAL CHARACTERISTICS--GENERAL INFORMATION |
| fixed length control field |
m||||fq||h 00| 0 |
| 008 - FIXED-LENGTH DATA ELEMENTS--GENERAL INFORMATION |
| fixed length control field |
170103t2011 maua f 000 0 eng d |
| 020 ## - INTERNATIONAL STANDARD BOOK NUMBER |
| International Standard Book Number |
9781424068173 (Intro : student book) |
| 020 ## - INTERNATIONAL STANDARD BOOK NUMBER |
| International Standard Book Number |
1424068177 (Intro : student book) |
| 020 ## - INTERNATIONAL STANDARD BOOK NUMBER |
| International Standard Book Number |
9781424065790 (Intro : CD with book) |
| 020 ## - INTERNATIONAL STANDARD BOOK NUMBER |
| International Standard Book Number |
1424065798 (Intro : CD with book) |
| 020 ## - INTERNATIONAL STANDARD BOOK NUMBER |
| International Standard Book Number |
9781424068180 (level 1: student book) |
| 020 ## - INTERNATIONAL STANDARD BOOK NUMBER |
| International Standard Book Number |
1424068185 (level 1 : student book) |
| 020 ## - INTERNATIONAL STANDARD BOOK NUMBER |
| International Standard Book Number |
9781424065806 (level 1 : CD with book) |
| 020 ## - INTERNATIONAL STANDARD BOOK NUMBER |
| International Standard Book Number |
1424065801 (level 1 : CD with book) |
| 020 ## - INTERNATIONAL STANDARD BOOK NUMBER |
| International Standard Book Number |
9781424068197 (level 2 : student book) |
| 020 ## - INTERNATIONAL STANDARD BOOK NUMBER |
| International Standard Book Number |
1424068193 (level 2 : student book) |
| 020 ## - INTERNATIONAL STANDARD BOOK NUMBER |
| International Standard Book Number |
9781424065943 (level 2 : CD with book) |
| 020 ## - INTERNATIONAL STANDARD BOOK NUMBER |
| International Standard Book Number |
1424065941 (level 2 : CD with book) |
| 040 ## - CATALOGING SOURCE |
| Original cataloging agency |
EG-ScBUE |
| Language of cataloging |
eng |
| Description conventions |
rda |
| Transcribing agency |
EG-ScBUE |
| Modifying agency |
EG-ScBUE |
| 082 04 - DEWEY DECIMAL CLASSIFICATION NUMBER |
| Classification number |
428.34 |
| Item number |
STE |
| Edition number |
22 |
| 100 1# - MAIN ENTRY--PERSONAL NAME |
| Personal name |
Stempleski, Susan, |
| Relator term |
author. |
| 9 (RLIN) |
41825 |
| 245 10 - TITLE STATEMENT |
| Title |
World link : |
| Remainder of title |
developing English fluency / |
| Statement of responsibility, etc |
Susan Stempleski, Nancy Douglas, James R. Morgan. |
| 250 ## - EDITION STATEMENT |
| Edition statement |
Second edition. |
| 264 #1 - PUBLICATION, DISTRIBUTION, ETC. (IMPRINT) |
| Place of publication, distribution, etc |
Boston, MA : |
| Name of publisher, distributor, etc |
National Geographic Learning, |
| Date of publication, distribution, etc |
[2011] |
| 264 #4 - PUBLICATION, DISTRIBUTION, ETC. (IMPRINT) |
| Date of publication, distribution, etc |
c2011 |
| 300 ## - PHYSICAL DESCRIPTION |
| Extent |
3 volumes : |
| Other physical details |
color illustrations ; |
| Dimensions |
28 cm + |
| Accompanying material |
1 CD |
| 336 ## - CONTENT TYPE |
| Source |
rdacontent |
| Content type term |
text |
| Content type code |
txt |
| 336 ## - CONTENT TYPE |
| Source |
rdacontent |
| Content type term |
sounds |
| Content type code |
snd |
| 337 ## - MEDIA TYPE |
| Source |
rdamedia |
| Media type term |
unmediated |
| Media type code |
n |
| 337 ## - MEDIA TYPE |
| Source |
rdamedia |
| Media type term |
audio |
| Media type code |
s |
| 338 ## - CARRIER TYPE |
| Source |
rdacarrier |
| Carrier type term |
volume |
| Carrier type code |
nc |
| 338 ## - CARRIER TYPE |
| Source |
rdacarrier |
| Carrier type term |
computer disc |
| Carrier type code |
cd |
| 505 0# - FORMATTED CONTENTS NOTE |
| Formatted contents note |
Volume 1. Intro : Beginner (A1) -- Volume 2. High beginner (A1-A2) -- Volume 3. Low intermediate (B1). |
| 520 ## - SUMMARY, ETC. |
| Summary, etc |
Suitable for young adult/adult learners of English from the false beginner to high intermediate level, this title intends to reflect modern teaching methods and user feedback. Combining vocabulary. |
| 650 #7 - SUBJECT ADDED ENTRY--TOPICAL TERM |
| Topical term or geographic name as entry element |
English language |
| Form subdivision |
Textbooks for foreign speakers. |
| Source of heading or term |
BUEsh |
| 650 #7 - SUBJECT ADDED ENTRY--TOPICAL TERM |
| Topical term or geographic name as entry element |
English language |
| General subdivision |
Grammar |
| Form subdivision |
Problems, exercises, etc. |
| Source of heading or term |
BUEsh |
| 651 ## - SUBJECT ADDED ENTRY--GEOGRAPHIC NAME |
| Source of heading or term |
BUEsh |
| 653 ## - INDEX TERM--UNCONTROLLED |
| Resource For college |
Humanities: English |
| Arrived date list |
October2018 |
| 655 ## - INDEX TERM--GENRE/FORM |
| Form subdivision |
Reading book |
| 9 (RLIN) |
34232 |
| 700 1# - ADDED ENTRY--PERSONAL NAME |
| Personal name |
Douglas, Nancy, |
| Relator term |
author. |
| 9 (RLIN) |
35961 |
| 700 1# - ADDED ENTRY--PERSONAL NAME |
| Personal name |
Morgan, James R., |
| Relator term |
author. |
| 9 (RLIN) |
36022 |
| 942 ## - ADDED ENTRY ELEMENTS (KOHA) |
| Source of classification or shelving scheme |
Dewey Decimal Classification |
| Koha item type |
Book - Borrowing |